Improve your business: handbook (Record no. 497746)

000 -LEADER
fixed length control field 00316cam a22001097a 4500
008 - FIXED-LENGTH DATA ELEMENTS--GENERAL INFORMATION
fixed length control field 180718b1986 xxu||||| |||| 00| 0 eng d
082 ## - DEWEY DECIMAL CLASSIFICATION NUMBER
Classification number T3 In8i/1
245 ## - TITLE STATEMENT
Title Improve your business: handbook
Statement of responsibility, etc. edited by E.N. Dickson
260 ## - PUBLICATION, DISTRIBUTION, ETC.
Place of publication, distribution, etc. Geneva
Name of publisher, distributor, etc. International Labour Office
Date of publication, distribution, etc. 1986
300 ## - PHYSICAL DESCRIPTION
Extent 83+p
700 ## - ADDED ENTRY--PERSONAL NAME
Personal name Dickson, E.N.
Holdings
Withdrawn status Lost status Damaged status Not for loan Permanent Location Current Location Date acquired Full call number Barcode Date last seen Price effective from Koha item type
        Indian Institute of Public Administration Indian Institute of Public Administration 2018-08-04 T3 In8i/1 G18112 2018-08-04 2018-08-04 G

Powered by Koha